Tři kroky k úspěšnému internetovému obchodu

Budovanie dlhodobého vzťahu so zákazníkom v internetovom obchode. Nevyhnutné kroky, ktoré je potrebné urobiť na ceste k úspešnému internetovému obchodu : 1. Získajte správnych návštevníkov. 2. Presvedčte o nákupe. 3. Budujte dlhodobý vzťah.

Salvato in:
Dettagli Bibliografici
Autore principale: Plotěný, Luboš
Natura: Capitolo di libro
Lingua:ceco
Soggetti:
Tags: Aggiungi Tag
Nessun Tag, puoi essere il primo ad aggiungerne!!

MARC

LEADER 00000naa$a2200000$$$4500
001 0049613
005 20231018130033.7
041 0 |a cze 
044 |a CZ 
245 1 0 |a Tři kroky k úspěšnému internetovému obchodu  |c Luboš Plotěný 
520 |a Budovanie dlhodobého vzťahu so zákazníkom v internetovom obchode. Nevyhnutné kroky, ktoré je potrebné urobiť na ceste k úspešnému internetovému obchodu : 1. Získajte správnych návštevníkov. 2. Presvedčte o nákupe. 3. Budujte dlhodobý vzťah. 
610 2 0 |a internet 
610 2 0 |a obchod elektronický 
610 2 0 |a ponuka 
610 2 0 |a informácie 
610 2 0 |a kampane reklamné 
610 2 0 |a produkty 
610 2 0 |a zľavy obchodné 
610 2 0 |a zákazníci 
100 1 |a Plotěný, Luboš